02001agaaa2200325 45000010005000000030009000050050017000140070009000310080040000400400023000800410013001031000054001161300033001702400031002032450205002342460024004392500022004632600129004853000033006145080109006475110090007565200399008465380016012455460013012616500067012747000066013419420012014079990019014199520237014386246IT-RoPAU20220918181307.0d cvaizq50131s9999||||xx ||| | || ||und|| aIT-RoPAUcIT-RoPAU aITALIANO aJancso' MiklosgCodice regista SPICS: 5251954881 aARMATA A CAVALLO (L')954882 aCSILLAGOSOK KATONAKgT1872 aARMATA A CAVALLO (L')cProdotto da: Andras N. Sirian K. -- Sceneggiatura: Gyula Mdivani Georgu Miklos Jancso -- Diretto da: Jancso' MiklospARMATA A CAVALLO (L') (Rif. Codice opera principale : 26246) aCSILLAGOSOK KATONAK aEdizione Standard aBUDAPEST - MOSCA (UNGHERIA)bMAFILM - MOSFILM / Distribuzione: MASTER VIDEOg"1967 (1° ed.: 1988 ; Ed. Lingua Orig.: 1967)" aVHSbsonoro, col.c91 minuti a"Fotografia: Tamas Somlo; Montaggio: Zoldan Farkas; Sceneggiatura: Gyula Mdivani Georgu Miklos Jancso; " a"Mykolajewska Krystyna; Adviausko Vicktor; Molnar Tibor; Michalkov Nykita; Prokofjev" aIN RUSSIA NEL 1918 UN GRUPPO DI RIVOLUZIONARI VIENE FATTO PRIGIONIERO DA UNA FORMAZIONE APPARTENENTE ALL'ARMATA BIANCA ALCUNI DI ESSI SFUGGITI ALLA SOMMARIA FUCILAZIONE SI DISPERDONO NEI BOSCHI RIUSCENDO A RIFUGIARSI IN UN CAMPO ZARISTA DENTRO ALCUNE BARACCHE CHE FUNGONO DA OSPEDALE QUI AIUTATI E NASCOSTI DALLE STESSE INFERMIERE VENGONO SCOPERTI ED UCCISI DRAMMA STORICO FILM IN BIANCO E NERO aPAL, STEREO aITALIANO aDRAMMA STORICOeFILMS [VHS]xCodice MATERIA SPICS: 9960940833 aJancso' Miklos e(regista)gCodice regista SPICS: 5251954883 cVH2ddc c108205d108205 001040626246_00000000000000071aSPICSbSPICSd2015-01-31l0o26246r2015-01-31 00:00:00w2015-01-31yVHzProgr. Ins.: 1662 / N.Vol.:1 / Copie: 1 / Pag.: / Copia rara: NO / date import: 1.2.2015 / By Epidotti, Trombetti, Vaglietti